Geography Quiz

Random Geography or World Quiz
Score 0/24 Timer 05:00
0 Plays Today
% Correct
Taj Mahal, India
97.5%
Great Wall of China, China
94.1%
Statue of Liberty, USA
93.9%
Palace of Westminster, UK
93.8%
Sydney Opera House, Australia
90.5%
Eiffel Tower, France
88%
Pisa's Cathedral Square, Italy
85.4%
Parthenon, Greece
79%
St. Peter’s Basilica, Vatican City
66.4%
White House, USA
66.4%
Notre Dame Cathedral, France
65%
St. Basil's Cathedral, Russia
58.7%
% Correct
Tower Bridge, UK
57.6%
Forbidden City, China
53.5%
Arc de Triomphe, France
45.3%
Sagrada Familia, Spain
36.9%
Chichén Itzá, Mexico
35.2%
Angkor Wat, Cambodia
30.9%
Tower of London, UK
24.9%
Neuschwanstein Castle, Germany
21.4%
Atomium, Belgium
17.6%
St. Mark's Cathedral, Italy
9.3%
Great Temple of Abu Simbel, Egypt
7.2%
Süleymaniye Mosque, Turkey
3.7%

You're not logged in!

Compare scores with friends on all Sporcle quizzes.
OR
Log In

Sporcle TV

Today on Sporcle TV


Watch our educational content, quiz creation guides, and fun videos on Sporcle TV.

Show Comments

Extras

Top Quizzes Today


Score Distribution

Paid Content

Your Account Isn't Verified!

In order to create a playlist on Sporcle, you need to verify the email address you used during registration. Go to your Sporcle Settings to finish the process.

Report this User

Report this user for behavior that violates our Community Guidelines.

Details: